[Event "SC Gronau 2 - SF Beelen 2"]
[Site "Verbandsklasse 2018/2019"]
[Date "2019.03.09"]
[Round "7.3"]
[White "Grothues, Fabian"]
[Black "Binger, Friedhelm"]
[Result "1/2-1/2"]
[WhiteElo "1594"]
[BlackElo "1716"]
[PlyCount "42"]
[EventDate "2019.??.??"]
[SourceDate "2018.10.06"]

1. e4 e5 2. Bc4 Bc5 3. Nf3 Nc6 4. c3 Nf6 5. d3 d6 6. Bg5 h6 7. Be3 Bb6 8. O-O
O-O 9. Nbd2 Na5 10. h3 Nxc4 11. Nxc4 Be6 12. Nxb6 axb6 13. a3 b5 14. a4 bxa4
15. Rxa4 Qd7 16. Ra1 b6 17. Qc2 Qc6 18. Rfc1 Rxa1 19. Rxa1 Ra8 20. Qd1 Qb7 21.
Nd2 Ra6 1/2-1/2

[Event "SC Gronau 2 - SF Beelen 2"]
[Site "Verbandsklasse 2018/2019"]
[Date "2019.03.09"]
[Round "7.4"]
[White "Tsoukkerman, Boris Z"]
[Black "Radinger, Rudolf"]
[Result "1-0"]
[WhiteElo "1892"]
[BlackElo "1538"]
[PlyCount "79"]
[EventDate "2019.??.??"]
[SourceDate "2018.10.06"]

1. Nf3 Nf6 2. d4 e6 3. g3 b6 4. Bg2 Bb7 5. O-O c5 6. dxc5 bxc5 7. c4 Be7 8. b3
O-O 9. Bb2 d6 10. Nbd2 Nbd7 11. Re1 Qc7 12. e4 Rfd8 13. Qc2 a5 14. a3 Bf8 15.
Nb1 Bc6 16. Nc3 Qb7 17. Nd2 Rab8 18. a4 Ne5 19. Nb5 Ng6 20. Bc3 Ra8 21. f3 d5
22. exd5 exd5 23. Bxf6 gxf6 24. cxd5 Bxd5 25. Ne4 Bxe4 26. Rxe4 Qd7 27. f4 Rab8
28. Rae1 Qd2 29. Qxd2 Rxd2 30. Bf1 Rbd8 31. Bc4 Kg7 32. Re8 R8d7 33. Ra8 Rb2
34. Nc3 Rdd2 35. Re2 Rxe2 36. Nxe2 Ne7 37. Ra7 f5 38. Rc7 Nd5 39. Bxd5 Rxe2 40.
Rxf7+ 1-0

[Event "SC Gronau 2 - SF Beelen 2"]
[Site "Verbandsklasse 2018/2019"]
[Date "2019.03.09"]
[Round "7.5"]
[White "Gaebler, Marcel"]
[Black "Reinhold, Klaus"]
[Result "0-1"]
[WhiteElo "1589"]
[BlackElo "1816"]
[PlyCount "46"]
[EventDate "2019.??.??"]
[SourceDate "2018.10.06"]

1. d4 d5 2. c4 c6 3. Nc3 Nf6 4. e3 e6 5. Nf3 Nbd7 6. Bd2 Bd6 7. c5 Bc7 8. Bd3
O-O 9. O-O e5 10. dxe5 Nxe5 11. Nxe5 Bxe5 12. f4 Bc7 13. h3 Re8 14. Qc2 Qe7 15.
Ne2 Ne4 16. Bxe4 Qxe4 17. Qxe4 Rxe4 18. Nd4 Bd7 19. Rac1 Bd8 20. Rf3 Bf6 21.
Bc3 Rae8 22. Re1 Bxd4 23. Bxd4 Rxd4 0-1

[Event "SC Gronau 2 - SF Beelen 2"]
[Site "Verbandsklasse 2018/2019"]
[Date "2019.03.09"]
[Round "7.6"]
[White "Schoewer Lingemann, Thorsten"]
[Black "Wiengarten, Ralf"]
[Result "0-1"]
[WhiteElo "1757"]
[BlackElo "1566"]
[PlyCount "86"]
[EventDate "2019.??.??"]
[SourceDate "2018.10.06"]

1. Nf3 Nf6 2. c4 d5 3. cxd5 Nxd5 4. d4 g6 5. e4 Nb6 6. Be3 Bg7 7. Nc3 O-O 8.
Be2 f5 9. Qb3+ Kh8 10. Rd1 f4 11. Bc1 a5 12. a4 Nc6 13. e5 Nb4 14. Ng5 e6 15.
O-O Qxg5 16. Ne4 Qf5 17. Bf3 Bd7 18. Nc5 Qc2 19. Qxc2 Nxc2 20. Rd2 Nb4 21. Nxd7
Nxd7 22. Bxb7 Rab8 23. Bf3 c5 24. Re1 cxd4 25. Rxd4 Nxe5 26. Rxf4 Nbd3 27.
Rxf8+ Bxf8 28. Rd1 Nxf3+ 29. gxf3 Nxc1 30. Rxc1 Rxb2 31. Rc6 Ra2 32. Rxe6 Rxa4
33. Ra6 Ra1+ 34. Kg2 a4 35. Ra7 a3 36. h4 Ra2 37. h5 Bc5 38. Ra5 Rxf2+ 39. Kg3
Rc2 40. h6 Bd6+ 41. f4 Kg8 42. Ra7 a2 43. Kf3 Rc3+ 0-1

[Event "SC Gronau 2 - SF Beelen 2"]
[Site "Verbandsklasse 2018/2019"]
[Date "2019.03.09"]
[Round "7.7"]
[White "Merkentrup, Ralf"]
[Black "Sprenger, Franz"]
[Result "0-1"]
[WhiteElo "1582"]
[BlackElo "1685"]
[PlyCount "72"]
[EventDate "2019.??.??"]
[SourceDate "2018.10.06"]

1. d4 d5 2. c4 e6 3. Nc3 Bb4 4. Nf3 dxc4 5. Bg5 Ne7 6. Qa4+ Nbc6 7. e3 Bd7 8.
Qc2 f6 9. Bh4 b5 10. Nd2 Nf5 11. Bg3 Bxc3 12. Qxc3 Nce7 13. b3 Nd5 14. Qc2 cxb3
15. Nxb3 O-O 16. a3 a5 17. e4 Nxg3 18. hxg3 Ne7 19. Nc5 c6 20. Be2 Bc8 21. Rd1
Qe8 22. d5 exd5 23. exd5 Bf5 24. Qa2 Qf7 25. Bh5 g6 26. Bf3 Rfd8 27. Qb2 Nxd5
28. O-O Qe7 29. Nb3 Qe5 30. Qc1 Qd6 31. Nd4 Bd7 32. Nxb5 Qb8 33. Nd4 Qb6 34.
Qc4 Kg7 35. Bxd5 cxd5 36. Qxd5 Bg4 0-1

[Event "SC Gronau 2 - SF Beelen 2"]
[Site "Verbandsklasse 2018/2019"]
[Date "2019.03.09"]
[Round "7.8"]
[White "Schlueter, Gerhard"]
[Black "Hofene, Jonas"]
[Result "1-0"]
[WhiteElo "1658"]
[BlackElo "1403"]
[PlyCount "85"]
[EventDate "2019.??.??"]
[SourceDate "2018.10.06"]

1. e4 c6 2. d4 d5 3. Nc3 e6 4. Nf3 Nd7 5. Bd3 c5 6. dxc5 dxe4 7. Nxe4 Bxc5 8.
O-O Ngf6 9. Bg5 Be7 10. Bf4 O-O 11. c3 Nxe4 12. Bxe4 Nf6 13. Bd3 b6 14. Be2 Bb7
15. Qa4 Bd6 16. Rad1 Ne4 17. Bxd6 Nxd6 18. Qb4 Qc7 19. Qxd6 Qxd6 20. Rxd6 Rad8
21. Rfd1 Rxd6 22. Rxd6 Bc8 23. Ne5 g6 24. Nc6 Bb7 25. Bf3 Bxc6 26. Bxc6 Rc8 27.
Bf3 Rc7 28. Kf1 Kg7 29. Be2 Kf6 30. Bb5 Ke5 31. Rd7 Rxd7 32. Bxd7 f5 33. Ke2 g5
34. g3 f4 35. Kf3 fxg3 36. hxg3 h5 37. Be8 h4 38. gxh4 gxh4 39. Kg4 Ke4 40.
Bg6+ Ke5 41. f4+ Kf6 42. Bd3 e5 43. f5 1-0

[Event "Südlohner SV 2 - SC Hiltrup 1"]
[Site "Verbandsklasse 2018/2019"]
[Date "2019.03.09"]
[Round "7.1"]
[White "Voigt, Stefan"]
[Black "Emming, Benedikt"]
[Result "0-1"]
[WhiteElo "1737"]
[BlackElo "1825"]
[PlyCount "70"]
[EventDate "2019.??.??"]
[SourceDate "2018.10.06"]

1. e4 c5 2. Nc3 Nc6 3. g3 e6 4. Bg2 Be7 5. Nge2 Nf6 6. O-O O-O 7. d3 d5 8. f4
d4 9. Nb1 b6 10. Nd2 Bb7 11. Nf3 Qc7 12. h3 Rad8 13. Bd2 c4 14. Qe1 cxd3 15.
cxd3 Ba6 16. Nc1 Rc8 17. b4 Rfe8 18. a4 b5 19. a5 e5 20. Nb3 Nd7 21. Rc1 f6 22.
h4 Qd6 23. Nc5 Nxb4 24. fxe5 fxe5 25. Bxb4 Nxc5 26. Bh3 Rc6 27. Rc2 Bc8 28.
Bxc8 Rexc8 29. Qc1 Qg6 30. Qa3 Nxd3 31. Qa2+ Kh8 32. Rxc6 Qxc6 33. Bxe7 Qxe4
34. Ng5 Qe3+ 35. Kh2 h6 0-1

[Event "Südlohner SV 2 - SC Hiltrup 1"]
[Site "Verbandsklasse 2018/2019"]
[Date "2019.03.09"]
[Round "7.3"]
[White "Junk, Andreas"]
[Black "Schmeing, Walter"]
[Result "0-1"]
[WhiteElo "1748"]
[BlackElo "1960"]
[PlyCount "68"]
[EventDate "2019.??.??"]
[SourceDate "2018.10.06"]

1. e4 e5 2. Nf3 Nc6 3. Bb5 a6 4. Ba4 Nf6 5. d3 d6 6. Bxc6+ bxc6 7. h3 Be7 8.
Nbd2 O-O 9. O-O Ne8 10. d4 exd4 11. Nxd4 Bd7 12. Re1 c5 13. N4f3 Be6 14. Nf1 c6
15. Bf4 Qb6 16. b3 Rd8 17. Qe2 d5 18. Bg5 Bxg5 19. Nxg5 Bc8 20. e5 Nc7 21. Ne3
h6 22. Nf3 Rfe8 23. Qd3 Qb5 24. c4 Qb7 25. Nf5 Bxf5 26. Qxf5 Ne6 27. cxd5 cxd5
28. Rad1 Qb4 29. g4 Qf4 30. Kg2 Re7 31. Qd3 a5 32. Rc1 Qb4 33. Kg3 Qf4+ 34. Kg2
Qxc1 0-1

[Event "Südlohner SV 2 - SC Hiltrup 1"]
[Site "Verbandsklasse 2018/2019"]
[Date "2019.03.09"]
[Round "7.4"]
[White "Harbers, Gerard"]
[Black "Haves, Daniel"]
[Result "1/2-1/2"]
[WhiteElo "1873"]
[BlackElo "1618"]
[PlyCount "71"]
[EventDate "2019.??.??"]
[SourceDate "2018.10.06"]

1. e4 d6 2. d4 Nf6 3. Nc3 e5 4. dxe5 dxe5 5. Qxd8+ Kxd8 6. Bg5 Be6 7. O-O-O+
Nbd7 8. Nd5 Kc8 9. f3 c6 10. Nc3 Bc5 11. Na4 Be7 12. a3 Nb6 13. Nc3 Kc7 14. Nh3
h6 15. Be3 g5 16. Nf2 Nc4 17. Bxc4 Bxc4 18. Nd3 Nd7 19. Ne2 f6 20. Ng3 Be6 21.
Nh5 Rhg8 22. Ng3 b6 23. Nf2 Nc5 24. Nf5 Bxf5 25. exf5 h5 26. h4 gxh4 27. Rxh4
Rxg2 28. Rxh5 Rg7 29. Rh6 Nd7 30. Ne4 Rag8 31. Rdh1 Rf7 32. Rh7 Rgg7 33. Rh8
Nf8 34. R8h2 Nd7 35. Rh8 Nf8 36. R8h2 1/2-1/2

[Event "Südlohner SV 2 - SC Hiltrup 1"]
[Site "Verbandsklasse 2018/2019"]
[Date "2019.03.09"]
[Round "7.5"]
[White "Buchholz, Christian"]
[Black "Richters, Alfred"]
[Result "1/2-1/2"]
[WhiteElo "1612"]
[BlackElo "1839"]
[PlyCount "48"]
[EventDate "2019.??.??"]
[SourceDate "2018.10.06"]

1. e4 e6 2. d4 d5 3. Nc3 Bb4 4. Bd2 Ne7 5. exd5 exd5 6. Nf3 Bg4 7. a3 Ba5 8. b4
Bb6 9. Be3 c6 10. Be2 O-O 11. O-O Nf5 12. Ne5 Bxe2 13. Nxe2 Nxe3 14. fxe3 Nd7
15. Nxd7 Qxd7 16. Rf3 Rae8 17. Qd3 Re4 18. c3 Rfe8 19. Re1 Bc7 20. Ng3 Qd6 21.
Qf1 f6 22. Nxe4 Qxh2+ 23. Kf2 Rxe4 24. Rh3 Qd6 1/2-1/2

[Event "Südlohner SV 2 - SC Hiltrup 1"]
[Site "Verbandsklasse 2018/2019"]
[Date "2019.03.09"]
[Round "7.6"]
[White "Boecker, Manfred"]
[Black "Jeromin, Rudolf Gustav"]
[Result "1-0"]
[WhiteElo "1846"]
[BlackElo "1672"]
[PlyCount "57"]
[EventDate "2019.??.??"]
[SourceDate "2018.10.06"]

1. d4 d5 2. e3 Nf6 3. Bd3 Bg4 4. Ne2 e6 5. O-O c5 6. c3 c4 7. Bc2 b5 8. Nd2 Nc6
9. f3 Bh5 10. e4 Bg6 11. e5 Nd7 12. f4 f5 13. exf6 Nxf6 14. Bxg6+ hxg6 15. Qc2
Ne7 16. a4 a6 17. Nf3 Ne4 18. Ng5 Nxg5 19. fxg5 Nf5 20. axb5 axb5 21. Rxa8 Qxa8
22. g4 Nh4 23. Bf4 Qd8 24. Qc1 Be7 25. Qe3 Kd7 26. Ra1 e5 27. Ra7+ Kc6 28. dxe5
Bxg5 29. Nd4+ 1-0

[Event "Südlohner SV 2 - SC Hiltrup 1"]
[Site "Verbandsklasse 2018/2019"]
[Date "2019.03.09"]
[Round "7.7"]
[White "May, Peter"]
[Black "Schuurmans, Han"]
[Result "0-1"]
[WhiteElo "1558"]
[BlackElo "1805"]
[PlyCount "120"]
[EventDate "2019.??.??"]
[SourceDate "2018.10.06"]

1. e4 c5 2. Nf3 g6 3. d4 cxd4 4. Qxd4 Nf6 5. Bg5 Bg7 6. Nc3 O-O 7. e5 Nc6 8.
Qh4 Ne8 9. Bb5 f6 10. Bh6 Nxe5 11. Nxe5 fxe5 12. Bc4+ Kh8 13. O-O-O Nf6 14.
Rhe1 Qc7 15. Nd5 Nxd5 16. Bxd5 d6 17. Re3 Bf5 18. Rc3 Qd7 19. Rb3 Rac8 20.
Bxg7+ Kxg7 21. Be4 b6 22. Rf3 Bxe4 23. Qxe4 Rxf3 24. Qxf3 Qa4 25. Qb3 Qxb3 26.
axb3 Kf6 27. c3 Ke6 28. Kd2 d5 29. Ke3 a5 30. Rc1 Kf5 31. Rd1 Rd8 32. h3 h5 33.
f3 h4 34. Ra1 d4+ 35. Kd3 Kf4 36. Re1 dxc3+ 37. Kxc3 Rd4 38. Re2 Rb4 39. Re1 b5
40. Ra1 Rd4 41. Rxa5 Rd5 42. Kb4 Kg3 43. Rxb5 Rxb5+ 44. Kxb5 Kxg2 45. Kc5 Kxf3
46. b4 e4 47. b5 e3 48. b6 e2 49. b7 e1=Q 50. b8=Q Qe3+ 51. Kd5 e6+ 52. Kc6
Qe4+ 53. Kd7 Qd5+ 54. Ke7 Qg5+ 55. Kxe6 Qf5+ 56. Ke7 Qxh3 57. Qb3+ Kg4 58. Qc4+
Kh5 59. Qe2+ Qg4 60. Qe5+ Qg5+ 0-1

[Event "Südlohner SV 2 - SC Hiltrup 1"]
[Site "Verbandsklasse 2018/2019"]
[Date "2019.03.09"]
[Round "7.8"]
[White "Schlattmann, Martin"]
[Black "Tigranjan, Raphael"]
[Result "1-0"]
[WhiteElo "1721"]
[BlackElo "1753"]
[PlyCount "113"]
[EventDate "2019.??.??"]
[SourceDate "2018.10.06"]

1. d4 d5 2. Nf3 Nf6 3. Bg5 Ne4 4. Bf4 e6 5. Nbd2 Bd6 6. Bxd6 cxd6 7. e3 O-O 8.
Bd3 f5 9. c3 Nc6 10. O-O a6 11. c4 b5 12. cxd5 exd5 13. Rc1 Qe8 14. a3 Be6 15.
Bxe4 dxe4 16. Ng5 Bd5 17. Nh3 Ne7 18. Nf4 Bf7 19. h4 Ng6 20. Nxg6 Bxg6 21. g3
Kh8 22. Rc7 Qe6 23. Qb3 d5 24. Rfc1 Be8 25. R1c5 Rd8 26. Nb1 Bf7 27. Nc3 Rd6
28. Ne2 Qf6 29. Qc3 Be8 30. Nf4 Bf7 31. R5c6 Rfd8 32. Rc8 Bg8 33. Qc5 Rxc8 34.
Rxc8 Rd8 35. Rc6 Qf7 36. Rxa6 Rb8 37. Rb6 Rxb6 38. Qxb6 Qd7 39. Ne2 Bf7 40. Nc3
Be8 41. Qc5 h6 42. Qxd5 Qc8 43. Qc5 Qd7 44. Nd5 Bf7 45. Ne7 Be6 46. Ng6+ Kg8
47. Qf8+ Kh7 48. h5 Bg8 49. Qc5 Qd5 50. Qxd5 Bxd5 51. Ne7 Be6 52. Kf1 Bf7 53.
Nxf5 Bxh5 54. Nd6 Bd1 55. Nxb5 Bb3 56. Nc3 Bc2 57. b4 1-0